| 000 | 00000nam##2200000za#4500 |
| 001 | 9.645790 |
| 003 | CaOODSP |
| 005 | 20230202144024 |
| 007 | ta |
| 008 | 150407|1995||||xxc||||| f|0| 0 eng|d |
| 020 | |a0-662-23003-5 |
| 040 | |aCaOODSP|beng |
| 043 | |an-cn--- |
| 086 | 1 |aH72-21/129-1995E |
| 110 | 2 |aNational Clearinghouse on Family Violence (Canada). |
| 245 | 10|aViolence issues : |ban interdisciplinary curriculum guide for health professionals / |cby Lee Ann Hoff. Prepared for the Mental Health Division, Health Services Directorate. |
| 260 | |aOttawa - Ontario : |bHealth Canada. |c1995. |
| 300 | |axii, 135p. : |bfigs. ; |c28 cm. |
| 500 | |aContents: Overview, conceptual framework, methodology.--Core content: essential knowledge, attitudes, skills.--Ethnographic examples of abuse situations: implications for education of health professionals.--Implementation issues: personal/professional victimization.--Implementation strategies: curriculum design, formal and practicum instruction.--References (in body of guide).--Basic library.--Bibliography of abuse categories (selected). |
| 504 | |aBibliography. |
| 563 | |aSoftcover |
| 590 | |a95-17|b1995-04-28 |
| 690 | 07|aFamily violence|2gcpds |
| 720 | 1 |aHoff, Lee Ann |
| 775 | 08|tLes questions relatives à la violence : |w(CaOODSP)9.679424 |